Diseño grafico y comunicación

Bibliographic Details
Main Author: Tena Parera, Daniel
Format: Section = Libro
Language:Undetermined
Spanish
Published: Madrid, España Pearson Educación 2005
Subjects:
LEADER 00579nam a2200217Ia 4500
008 240829s9999 xx 000 0 und d
020 |a 84-205-4230-X 
040 |a BIBLIOTECA-RUSB/ 741 T289 
041 |a spa 
082 |a 741 T289 
100 1 |a Tena Parera, Daniel 
245 1 0 |a Diseño grafico y comunicación 
260 |a Madrid, España  |b Pearson Educación  |c 2005 
300 |a 243 p. :il. 
650 7 |a DISEÑO GRAFICO 
650 7 |b  ARTES GRAFICAS 
650 7 |c  PUBLICIDAD COMERCIAL 
650 7 |d  COMUNICACIÓN VISUAL 
942 |c BK  |2 ddc 
991 |a TEXTO 
999 |c 5415